International juridical double taxation of income (Record no. 218001)

MARC details
000 -LEADER
fixed length control field 00644nam a2200205Ia 4500
008 - FIXED-LENGTH DATA ELEMENTS--GENERAL INFORMATION
fixed length control field 191130s1989##################000#0#eng##
020 ## - INTERNATIONAL STANDARD BOOK NUMBER
ISBN 9065444262
082 ## - DEWEY DECIMAL CLASSIFICATION NUMBER
Classification number 341.4844 PIR
100 ## - MAIN ENTRY--AUTHOR NAME
Personal name Pires, Manuel
245 ## - TITLE STATEMENT
Title International juridical double taxation of income
Statement of responsibility, etc by Manuel Pires
260 ## - PUBLICATION, DISTRIBUTION, ETC. (IMPRINT)
Place of publication Alphen aan den Rijn, The Netherlands ; Frederick, MD
Name of publisher Kluwer Law and Taxation Publishers
Year of publication 1989
300 ## - PHYSICAL DESCRIPTION
Number of Pages vii, 325 p. ; 25 cm
500 ## - GENERAL NOTE
General note Bibliography: p. 287-325
650 ## - SUBJECT ADDED ENTRY--TOPICAL TERM
Topical Term Double taxation
991 ## -
-- 272594
Holdings
Withdrawn status Lost status Damaged status Not for loan Home library Current library Date acquired Full call number Accession Number Price effective from Koha item type
        Anna Centenary Library Anna Centenary Library 13.10.2020 341.4844 PIR 139022 13.10.2020 English Books

Find us on the map